MARC

LEADER 00000nam0a2200000 4500
001 294876
005 20231102000741.0
035 |a (RuTPU)RU\TPU\book\319951 
090 |a 294876 
100 |a 20150518d1983 k y0rusy50 ca 
101 0 |a rus 
102 |a RU 
105 |a a z 001zy 
200 1 |a Математическое моделирование электромагнитных полей  |e сборник статей  |f Академия наук СССР (АН СССР), Институт земного магнетизма, ионосферы и распространения радиоволн (ИЗМИРАН) ; под ред. М. С. Жданова 
210 |a Москва  |c Изд-во ИЗМИРАН  |d 1983 
215 |a 232 с.  |c ил. 
320 |a Библиография в конце статей 
606 1 |a Магнитное поле Земли  |x Вариации  |2 stltpush  |3 (RuTPU)RU\TPU\subj\40791  |9 60622 
610 1 |a электромагнетизм 
610 1 |a электромагнитные исследования 
610 1 |a электроразведка 
610 1 |a электромагнитное зондирование 
610 1 |a геоэлектрические исследования 
610 1 |a электрокаротаж 
675 |a 550.385  |v 4 
702 1 |a Жданов  |b М. С.  |4 340 
712 0 2 |a Академия наук СССР (АН СССР)  |b Институт земного магнетизма, ионосферы и распространения радиоволн (ИЗМИРАН)  |2 stltpush  |3 (RuTPU)RU\TPU\col\12157 
801 1 |a RU  |b 63413507  |c 20150518 
801 2 |a RU  |b 63413507  |c 20161227  |g RCR 
942 |c BK